|
|
|
|
| LEADER |
01397nam a2200361Ia 4500 |
| 001 |
EBC3407923 |
| 003 |
MiAaPQ |
| 005 |
20200520144314.0 |
| 006 |
m o d | |
| 007 |
cr cn||||||||| |
| 008 |
080618s2009 nyua s s000 0 eng d |
| 010 |
|
|
|z 2008025084
|
| 020 |
|
|
|z 0791493954 (hardcover : alk. paper)
|
| 020 |
|
|
|z 9780791493953 (hardcover : alk. paper)
|
| 020 |
|
|
|z 9780791494035
|
| 035 |
|
|
|a (MiAaPQ)EBC3407923
|
| 035 |
|
|
|a (Au-PeEL)EBL3407923
|
| 035 |
|
|
|a (CaPaEBR)ebr10587121
|
| 035 |
|
|
|a (OCoLC)365410052
|
| 040 |
|
|
|a MiAaPQ
|c MiAaPQ
|d MiAaPQ
|
| 050 |
|
4 |
|a HD2769.2.J3
|b O43 2009
|
| 100 |
1 |
|
|a Ogawa, Akihiro,
|d 1968-
|
| 245 |
1 |
4 |
|a The failure of civil society?
|h [electronic resource] :
|b the third sector and the state in contemporary Japan /
|c Akihiro Ogawa.
|
| 260 |
|
|
|a Albany :
|b SUNY Press,
|c c2009.
|
| 300 |
|
|
|a xiii, 271 p. :
|b ill.
|
| 533 |
|
|
|a Electronic reproduction. Ann Arbor, MI : ProQuest, 2015. Available via World Wide Web. Access may be limited to ProQuest affiliated libraries.
|
| 650 |
|
0 |
|a Nonprofit organizations
|z Japan.
|
| 650 |
|
0 |
|a Nonprofit organizations
|x Government policy
|z Japan.
|
| 650 |
|
0 |
|a Civil society
|z Japan.
|
| 650 |
|
0 |
|a Non-governmental organizations
|z Japan.
|
| 655 |
|
4 |
|a Electronic books.
|
| 710 |
2 |
|
|a ProQuest (Firm)
|
| 856 |
4 |
0 |
|u https://ebookcentral.proquest.com/lib/matrademy/detail.action?docID=3407923
|z Click to View
|